| 000 | 00000nam##2200000za#4500 |
| 001 | 9.679937 |
| 003 | CaOODSP |
| 005 | 20200330062624 |
| 007 | ta |
| 008 | 150407|1996||||xxc||||| f|0| 0 fre|d |
| 020 | |a0-662-81664-1 |
| 040 | |aCaOODSP|bfre |
| 043 | |an-cn--- |
| 086 | 1 |aJS66-25/1996F |
| 110 | 1 |aCanada.|bSolliciteur général Canada. |bCollège canadien de police. |
| 245 | 10|aTrois décennies de femmes dans la police : |bune bibliographie commentée / |cpar Marcel-Eugène Lebeuf. Publié par l'Institut de perfectionnement des cadres de la police. |
| 260 | |aOttawa - Ontario : |bSolliciteur général Canada. |c1996. |
| 300 | |a49p. : |c28 cm. |
| 500 | |aSommaire: Introduction.--Les années soixante dix: l'intégration difficile et les constats nécessaires.--Les années 80: les sources de stress et de discrimination à l'égard des policières.--Les années 90: l'intégration définitive des femmes dans la police.--Les études historique: enseignement et réflexion.--Conclusion.--Références. |
| 504 | |aBibliographie. |
| 563 | |aReliure à anneaux |
| 590 | |a96-47|b1996-11-22 |
| 775 | 08|tThree decades of women in policing : |w(CaOODSP)9.646388 |
| 776 | 0#|tTrois décennies de femmes dans la police : |w(CaOODSP)9.633132 |